
Library Catalogue

| 000 -LEADER | |
|---|---|
| fixed length control field | 01075nam a2200229Ia 4500 |
| 003 - CONTROL NUMBER IDENTIFIER | |
| control field | OSt |
| 005 - DATE AND TIME OF LATEST TRANSACTION | |
| control field | 20211104145330.0 |
| 008 - FIXED-LENGTH DATA ELEMENTS--GENERAL INFORMATION | |
| fixed length control field | 160316s2002 xxu||||| |||| 00| 0 eng d |
| 020 ## - INTERNATIONAL STANDARD BOOK NUMBER | |
| International Standard Book Number | 9780406932440 |
| 040 ## - CATALOGING SOURCE | |
| Transcribing agency | n |
| 082 ## - DEWEY DECIMAL CLASSIFICATION NUMBER | |
| Classification number | 347.077000 |
| Item number | BUR |
| 100 ## - MAIN ENTRY--PERSONAL NAME | |
| Personal name | Burrows Andrew |
| 245 ## - TITLE STATEMENT | |
| Title | The law of restitution |
| 250 ## - EDITION STATEMENT | |
| Edition statement | 2nd |
| 260 ## - PUBLICATION, DISTRIBUTION, ETC. | |
| Place of publication, distribution, etc. | London |
| Name of publisher, distributor, etc. | Butterworths |
| Date of publication, distribution, etc. | 2002 |
| 300 ## - PHYSICAL DESCRIPTION | |
| Extent | 639p |
| Dimensions | xxi |
| 365 ## - TRADE PRICE | |
| Price amount | Rs.2,330 |
| 505 ## - FORMATTED CONTENTS NOTE | |
| Formatted contents note | Table of contents<br/>1. Fundamental ideas; <br/>2. Tracing and subrogation; <br/>3. Mistake; <br/>4. Ignorance; <br/>5. Duress; <br/>6. Undue influence; <br/>7. Exploitation of weakness; <br/>8. Legal compulsion: compulsory discharge of another's legal liability; <br/>9. Necessity; <br/>10. Failure of consideration; <br/>11. Incapacity as a ground for restitution; <br/>12. Illegality as a ground for restitution; <br/>13. Ultra vires demands by public authorities; <br/>14. Restitution for wrongs; <br/>15. Defences; 16. Miscellaneous issues: agency and the conflict of laws; <br/>Index |
| 650 ## - SUBJECT ADDED ENTRY--TOPICAL TERM | |
| Topical term or geographic name entry element | 1.Legal Remedies - Restitution - U K |
| 700 ## - ADDED ENTRY--PERSONAL NAME | |
| Personal name | |
| -- | |
| 942 ## - ADDED ENTRY ELEMENTS (KOHA) | |
| Source of classification or shelving scheme | Dewey Decimal Classification |
| Koha item type | BOOKs |
| Withdrawn status | Lost status | Damaged status | Not for loan | Home library | Current library | Shelving location | Date acquired | Cost, normal purchase price | Total Checkouts | Full call number | Barcode | Date last seen | Price effective from | Koha item type |
|---|---|---|---|---|---|---|---|---|---|---|---|---|---|---|
| NLS | NLS | Library Compactors | 30/05/2017 | 2330.00 | 347.077 BUR | 18933 | 30/05/2017 | 30/05/2017 | BOOKs |